[Event "Moscow Aeroflot op-B"]
[Site "Moscow"]
[Date "2020.02.24"]
[Round "6"]
[White "Sirosh, Ilja"]
[Black "Zabotin, Alexander"]
[Result "1-0"]
[WhiteElo "2390"]
[BlackElo "2494"]
[PlyCount "117"]
[EventDate "2020.02.19"]
[EventType "swiss"]
[EventRounds "9"]
[EventCountry "RUS"]
[SourceTitle "CBM 195"]
[Source "ChessBase"]
[SourceDate "2020.04.30"]
[SourceVersion "1"]
[SourceVersionDate "2020.04.30"]
[SourceQuality "1"]

1. d4 g6 2. c4 Bg7 3. Nf3 c5 4. e4 cxd4 5. Nxd4 Nc6 6. Be3 Nf6 7. Nc3 d6 8. Be2 0-0 9. 0-0 Bd7 10. h3 Nxd4 11. Bxd4 Bc6 12. Qc2 Nd7 13. Bxg7 Kxg7 14. Rad1 a5 15. Bg4 Nc5 16. e5 f5 17. exf6+ Rxf6 18. Nd5 Rf7 19. Qc3+ e5 20. f4 Bxd5 21. cxd5 Qb6 22. fxe5 Nd3+ 23. Kh2 Nxe5 24. Rxf7+ Kxf7 25. Be6+ Kg7 26. Rc1 Qf2 27. Qg3 Rf8 28. Rc7+ Kh6 29. Qxf2 Rxf2 30. Rxb7 Kg5 31. Kg3 Rd2 32. h4+ Kf6 33. Ra7 Rxb2 34. Rxa5 h5 35. Ra8 Nd3 36. a4 Ke5 37. Re8 Ra2 38. Bd7+ Kd4 39. Rg8 Ne5 40. Be8 Ra3+ 41. Kf4 Ra2 42. g3 Kxd5 43. Bxg6 Rxa4+ 44. Kg5 Nxg6 45. Rxg6 Ke4 46. Kxh5 Kf3 47. g4 d5 48. Rf6+ Kg3 49. Rf5 Ra8 50. Rxd5 Rh8+ 51. Kg6 Rg8+ 52. Kf7 Rxg4 53. h5 Rf4+ 54. Kg6 Ra4 55. h6 Kg4 56. Rd6 Ra8 57. h7 Kf4 58. Re6 Rb8 59. Re7 1-0

[Event "Moscow Aeroflot op-B"]
[Site "Moscow"]
[Date "2020.02.19"]
[Round "1"]
[White "Zabotin, Alexander"]
[Black "Rakesh, Kumar Jena"]
[Result "1-0"]
[WhiteElo "2494"]
[BlackElo "2336"]
[PlyCount "75"]
[EventDate "2020.02.19"]
[EventType "swiss"]
[EventRounds "9"]
[EventCountry "RUS"]
[SourceTitle "CBM 195"]
[Source "ChessBase"]
[SourceDate "2020.04.30"]
[SourceVersion "1"]
[SourceVersionDate "2020.04.30"]
[SourceQuality "1"]

1. d4 d5 2. c4 e6 3. Nc3 Bb4 4. Nf3 Nf6 5. cxd5 exd5 6. Qa4+ Nc6 7. Bg5 h6 8. Bxf6 Qxf6 9. e3 0-0 10. Be2 Be6 11. 0-0 a6 12. Rac1 Bd6 13. Qc2 g5 14. g3 Kg7 15. Rfd1 Ne7 16. a3 Bf5 17. Qb3 c6 18. Nd2 Qg6 19. Bf3 Be6 20. Na4 f5 21. Nc5 Bc8 22. Bg2 h5 23. Nf3 Qf6 24. Ne5 Bxe5 25. dxe5 Qxe5 26. f4 Qf6 27. Qb6 h4 28. b4 hxg3 29. hxg3 Qb2 30. a4 Qe2 31. Re1 Qg4 32. Kf2 Qh5 33. Nd3 Qg6 34. Qc7 Qf6 35. Rh1 Be6 36. fxg5 Qxg5 37. Nf4 Bf7 38. Qe5+ 1-0

[Event "Orsha op"]
[Site "Orsha"]
[Date "2019.01.21"]
[Round "6"]
[White "Moskalenko, Alexander"]
[Black "Zabotin, Alexander"]
[Result "1-0"]
[WhiteElo "2517"]
[BlackElo "2484"]
[PlyCount "235"]
[EventDate "2019.01.18"]
[EventType "swiss"]
[EventRounds "9"]
[EventCountry "BLR"]
[SourceTitle "CBM 188 Extra"]
[Source "ChessBase"]
[SourceDate "2019.02.26"]
[SourceVersion "1"]
[SourceVersionDate "2019.02.26"]
[SourceQuality "1"]

1. Nf3 Nf6 2. c4 e6 3. g3 b6 4. Bg2 Bb7 5. 0-0 c5 6. b3 Be7 7. Bb2 0-0 8. Nc3 d5 9. e3 Nc6 10. cxd5 Nxd5 11. Nxd5 Qxd5 12. d4 Qd8 13. dxc5 Bxc5 14. Ne5 Nxe5 15. Bxb7 Rb8 16. Be4 Nd7 17. b4 Be7 18. Qa4 Bf6 19. Rad1 Bxb2 20. Rxd7 Qf6 21. Qxa7 Qc3 22. b5 Qe5 23. Bc6 Bc3 24. Qa3 Rbd8 25. Rfd1 Rxd7 26. Rxd7 Qf6 27. Qc1 g6 28. Kg2 Ba5 29. Qd1 h5 30. h3 Qc3 31. Be4 Qf6 32. Qd6 Be1 33. Qf4 Kg7 34. Qxf6+ Kxf6 35. a3 g5 36. Kf1 Ba5 37. Ke2 h4 38. gxh4 gxh4 39. Bf3 Kg5 40. Re7 Kf6 41. Rc7 Kg5 42. Rd7 Kg6 43. Bc6 Kf6 44. Kf3 Rg8 45. Rb7 Rd8 46. Kg4 Rg8+ 47. Kf3 Rd8 48. Ra7 Rg8 49. Rd7 Rg5 50. Rd4 Rf5+ 51. Ke2 Rh5 52. Ra4 Ke7 53. Rg4 Kf6 54. a4 Rh8 55. Rc4 Rh5 56. Bf3 Rh8 57. Bb7 Ke5 58. Rc7 Kf6 59. Bc6 Rg8 60. Rb7 Rf8 61. Kf3 Rh8 62. Ke4 Rd8 63. Kf4 Rg8 64. Ke4 Rd8 65. Kf3 Rg8 66. Rd7 Bc3 67. Ke2 Ba5 68. Bf3 Kg6 69. Rc7 Rd8 70. Rc4 Rh8 71. Rf4 Kg7 72. Be4 Rh6 73. Rg4+ Kf8 74. Bc6 Rh8 75. Rg5 Ke7 76. Kf3 Be1 77. Rg4 Rh5 78. Rd4 Kf6 79. Ke2 Ba5 80. Rd8 Rc5 81. Rd4 Rh5 82. f4 Rc5 83. Rd7 Kg7 84. Ra7 Kf8 85. Kd3 Rc1 86. Ke4 Rc5 87. Kd4 Bc3+ 88. Ke4 Bb4 89. Rb7 Ba5 90. Kf3 Rc4 91. f5 exf5 92. Bd5 Rxa4 93. Rxf7+ Ke8 94. Rxf5 Ra3 95. Rh5 Bd2 96. Ke2 Bc1 97. Re5+ Kd7 98. Re6 Rc3 99. e4 Rxh3 100. Rxb6 Rc3 101. Rb7+ Kd6 102. b6 h3 103. Rf7 h2 104. b7 Rc2+ 105. Kd1 h1Q+ 106. Kxc2 Qh8 107. Kxc1 Ke5 108. Rc7 Qh6+ 109. Kc2 Qb6 110. Rc8 Qf2+ 111. Kb3 Qb6+ 112. Kc4 Qa6+ 113. Kc5 Qa5+ 114. Kc6 Qc3+ 115. Kd7 Qh3+ 116. Kc7 Qc3+ 117. Kd8 Qa5+ 118. Ke8 1-0

[Event "Orsha blitz op"]
[Site "Orsha"]
[Date "2019.01.19"]
[Round "4"]
[White "Zabotin, Alexander"]
[Black "Aliakbarov, Anar Samir Oglu"]
[Result "1/2-1/2"]
[WhiteElo "2439"]
[BlackElo "2268"]
[PlyCount "54"]
[EventDate "2019.01.19"]
[EventType "swiss (blitz)"]
[EventRounds "10"]
[EventCountry "BLR"]
[SourceTitle "CBM 189 Extra"]
[Source "ChessBase"]
[SourceDate "2019.06.03"]
[SourceVersion "1"]
[SourceVersionDate "2019.06.03"]
[SourceQuality "1"]

1. d4 d5 2. c4 e6 3. Nc3 Bb4 4. Nf3 Nf6 5. e3 0-0 6. Bd3 b6 7. 0-0 dxc4 8. Bxc4 Bb7 9. Qe2 Nbd7 10. Rd1 Ne4 11. d5 exd5 12. Nxd5 Bd6 13. Nd4 Qg5 14. f4 Qd8 15. Nf5 Ndf6 16. Nxd6 Qxd6 17. Nxf6+ Qxf6 18. Rb1 Rad8 19. Bd2 Nxd2 20. Rxd2 Rxd2 21. Qxd2 Rd8 22. Qe2 Qg6 23. Re1 Be4 24. h3 Qg3 25. Qf2 Qxf2+ 26. Kxf2 Rd2+ 27. Re2 Rxe2+ 1/2-1/2

[Event "Orsha blitz op"]
[Site "Orsha"]
[Date "2019.01.19"]
[Round "10"]
[White "Zabotin, Alexander"]
[Black "Vifleemskaia, Svetlana"]
[Result "1-0"]
[WhiteElo "2439"]
[BlackElo "2083"]
[PlyCount "151"]
[EventDate "2019.01.19"]
[EventType "swiss (blitz)"]
[EventRounds "10"]
[EventCountry "BLR"]
[SourceTitle "CBM 189 Extra"]
[Source "ChessBase"]
[SourceDate "2019.06.03"]
[SourceVersion "1"]
[SourceVersionDate "2019.06.03"]
[SourceQuality "1"]

1. d4 Nc6 2. Nf3 d5 3. e3 Bg4 4. h3 Bh5 5. c4 e6 6. Nc3 Nf6 7. cxd5 Nxd5 8. Bb5 Bd6 9. Qa4 Nde7 10. e4 0-0 11. Be3 a6 12. Be2 b5 13. Qd1 Bb4 14. Rc1 Bg6 15. Bd3 Qd7 16. a3 Ba5 17. 0-0 Bb6 18. d5 exd5 19. exd5 Na5 20. Bxb6 cxb6 21. Re1 Nf5 22. Ne5 Qb7 23. Be4 Rad8 24. Qc2 Nd6 25. Nxg6 hxg6 26. Bf3 Rfe8 27. Rxe8+ Rxe8 28. Ne2 Nac4 29. Rd1 Rc8 30. Qb1 Ne5 31. Nd4 Qc7 32. Be2 Qc5 33. Nf3 Nxf3+ 34. Bxf3 Qc2 35. Qa1 Kf8 36. b4 Rc3 37. Re1 Qd3 38. Qd1 Qxd1 39. Rxd1 Rxa3 40. Rc1 Nc4 41. Rd1 Ke7 42. h4 Kd6 43. h5 gxh5 44. Bxh5 g6 45. Bf3 Rb3 46. Ra1 a5 47. Re1 Rxb4 48. Re8 Kd7 49. Ra8 Nd6 50. Ra7+ Kd8 51. Ra6 Kc7 52. Ra7+ Kd8 53. Ra6 a4 54. Rxb6 Kc7 55. Rc6+ Kd7 56. Ra6 Rb1+ 57. Kh2 Rb2 58. Ra7+ Kd8 59. Ra6 Kd7 60. Ra7+ Kd8 61. Kg3 Rb4 62. Ra6 Kd7 63. Ra7+ Kd8 64. Bg4 f5 65. Bf3 Ne4+ 66. Kf4 Nd2+ 67. Ke5 Nc4+ 68. Ke6 a3 69. d6 Nxd6 70. Kxd6 Rd4+ 71. Kc5 Rd2 72. Rxa3 Rxf2 73. Kd6 Ke8 74. Ke6 Kf8 75. Kf6 b4 76. Ra8# 1-0

[Event "Orsha blitz op"]
[Site "Orsha"]
[Date "2019.01.19"]
[Round "8"]
[White "Zabotin, Alexander"]
[Black "Zhigalko, Sergei"]
[Result "0-1"]
[WhiteElo "2439"]
[BlackElo "2695"]
[PlyCount "78"]
[EventDate "2019.01.19"]
[EventType "swiss (blitz)"]
[EventRounds "10"]
[EventCountry "BLR"]
[SourceTitle "CBM 189 Extra"]
[Source "ChessBase"]
[SourceDate "2019.06.03"]
[SourceVersion "1"]
[SourceVersionDate "2019.06.03"]
[SourceQuality "1"]

1. d4 Nf6 2. Nf3 e6 3. c4 b6 4. a3 Ba6 5. e3 d5 6. Nbd2 Be7 7. b3 0-0 8. Bb2 c5 9. Be2 Nbd7 10. 0-0 Rc8 11. Rc1 Bb7 12. cxd5 exd5 13. dxc5 bxc5 14. Qc2 Qb6 15. Rfd1 Rfd8 16. Ne5 Nxe5 17. Bxe5 Qe6 18. Bg3 Nd7 19. h3 Ne5 20. Nf3 Ng6 21. Bd3 Qb6 22. Bf5 Ra8 23. Ne5 Bc8 24. Bxc8 Raxc8 25. Nxg6 hxg6 26. e4 c4 27. exd5 Bxa3 28. bxc4 Bxc1 29. Qxc1 Qc5 30. Qa1 Qxc4 31. d6 a6 32. Qa5 Rd7 33. Ra1 Rc6 34. Kh2 Rcxd6 35. Bxd6 Rxd6 36. Qe5 Re6 37. Qg3 Qc8 38. Ra5 Rc6 39. Qa3 Qc7+ 0-1

[Event "Orsha op"]
[Site "Orsha"]
[Date "2019.01.18"]
[Round "2"]
[White "Navumenka, Mikhei"]
[Black "Zabotin, Alexander"]
[Result "0-1"]
[WhiteElo "2104"]
[BlackElo "2484"]
[PlyCount "96"]
[EventDate "2019.01.18"]
[EventType "swiss"]
[EventRounds "9"]
[EventCountry "BLR"]
[SourceTitle "CBM 188 Extra"]
[Source "ChessBase"]
[SourceDate "2019.02.26"]
[SourceVersion "1"]
[SourceVersionDate "2019.02.26"]
[SourceQuality "1"]

1. Nf3 Nf6 2. c4 c5 3. Nc3 Nc6 4. g3 g6 5. Bg2 Bg7 6. 0-0 0-0 7. d3 b6 8. Bd2 Bb7 9. Rb1 Nd4 10. e4 Nxf3+ 11. Bxf3 Ne8 12. Qc1 Nc7 13. Bh6 Ne6 14. Bxg7 Kxg7 15. Bg2 Nd4 16. Qe3 d6 17. Ne2 Nxe2+ 18. Qxe2 e6 19. f4 Qd7 20. Rbd1 Qe7 21. Qd2 f6 22. d4 cxd4 23. Qxd4 Rfd8 24. f5 Rac8 25. g4 e5 26. Qd3 g5 27. b3 Qc7 28. Qe3 Bc6 29. a4 Be8 30. Rd3 a6 31. Qd2 b5 32. cxb5 axb5 33. a5 b4 34. Rd1 Qxa5 35. h4 h6 36. Rxd6 Qc5+ 37. Kh2 Rxd6 38. Qxd6 Qf2 39. Qe6 Qf4+ 40. Kh1 Rc1 41. Rxc1 Qxc1+ 42. Kh2 Bf7 43. Qe7 Qf4+ 44. Kg1 Qe3+ 45. Kh2 gxh4 46. Qxb4 Qg3+ 47. Kh1 h3 48. Bf1 Qf3+ 0-1

[Event "Tula Suetin Memorial"]
[Site "Tula"]
[Date "2019.01.03"]
[Round "1"]
[White "Zabotin, Alexander"]
[Black "Sadovsky, Artem"]
[Result "1/2-1/2"]
[WhiteElo "2484"]
[BlackElo "2384"]
[PlyCount "44"]
[EventDate "2019.01.03"]
[EventType "tourn"]
[EventRounds "9"]
[EventCountry "RUS"]
[EventCategory "6"]
[SourceTitle "CBM 188 Extra"]
[Source "ChessBase"]
[SourceDate "2019.02.26"]
[SourceVersion "1"]
[SourceVersionDate "2019.02.26"]
[SourceQuality "1"]

1. d4 d5 2. c4 c6 3. cxd5 cxd5 4. Nc3 Nf6 5. Nf3 Nc6 6. Bf4 Bf5 7. e3 e6 8. Bd3 Bxd3 9. Qxd3 Bd6 10. Bxd6 Qxd6 11. 0-0 0-0 12. Rfc1 Rfc8 13. h3 h6 14. a3 Na5 15. Nd2 Nc4 16. Nxc4 Rxc4 17. b3 Rc6 18. Nb5 Qd7 19. f3 Rxc1+ 20. Rxc1 Rc8 21. Rxc8+ Qxc8 22. Qc3 Qxc3 1/2-1/2

[Event "Yaroslav the Wise op"]
[Site "Yaroslavl"]
[Date "2018.07.26"]
[Round "7"]
[White "Zabotin, Alexander"]
[Black "Chetverik, Maxim"]
[Result "1-0"]
[WhiteElo "2465"]
[BlackElo "2237"]
[PlyCount "59"]
[EventDate "2018.07.20"]
[EventType "swiss"]
[EventRounds "9"]
[EventCountry "RUS"]
[SourceTitle "CBM 186 Extra"]
[Source "ChessBase"]
[SourceDate "2018.08.24"]
[SourceVersion "1"]
[SourceVersionDate "2018.08.24"]
[SourceQuality "1"]

1. e4 Nf6 2. e5 Nd5 3. d4 d6 4. Nf3 dxe5 5. Nxe5 g6 6. Bc4 c6 7. Nc3 Be6 8. Ne4 Nc7 9. Bxe6 Nxe6 10. c3 Nd7 11. Nd3 Bg7 12. h4 h5 13. Be3 Qc7 14. Qf3 f5 15. Nd2 Rd8 16. 0-0 0-0 17. Bf4 Nxf4 18. Nxf4 Rf6 19. Nc4 Bh6 20. Nd3 c5 21. Ne3 Bxe3 22. Qxe3 cxd4 23. cxd4 Qd6 24. Rfe1 e6 25. Rad1 b6 26. Qg5 f4 27. Ne5 Kg7 28. Nxg6 Qd5 29. Ne5+ Kh7 30. Nxd7 1-0